Touch the earth : a self-portrait of Indian existence :
| Format: | Book |
|---|---|
| Published: |
London :
Macdonald ,
1989
|
| Subjects: |
MARC
| LEADER | 00000cam a2200000 7i4500 | ||
|---|---|---|---|
| 001 | 0000002134 | ||
| 002 | 000002330 | ||
| 005 | 20000330.0 | ||
| 020 | |a 0349122911 | ||
| 090 | 0 | 0 | |a 975.600497 |b TOU |
| 245 | 0 | 0 | |a Touch the earth : |b a self-portrait of Indian existence : |b compiled by T.C.McLuhan |
| 260 | |a London : |b Macdonald , |c 1989 | ||
| 300 | |a 185p. : |b ill. ; |c 21cm. | ||
| 650 | 0 | 0 | |a Indian of North America |x History |
| 650 | 0 | 0 | |a Indians of North America |x Social life and customs |
| 999 | |a 028232 |b BUKU |c PINJAMAN |e PERPUSTAKAAN KOMUNITI PETALING JAYA | ||